| 000 | 00451cam a2200169ua 4500 | ||
|---|---|---|---|
| 020 | _cRs.15/- | ||
| 041 |
_aeng _h |
||
| 082 |
_a363.377 _bBRE/ME |
||
| 100 | _aBrand, Horace . | ||
| 245 |
_aMeans of escape incare are life / _cHorace J. _hTextual Documents |
||
| 260 |
_aLondon : _bSir Isaac Pitman & Sons Ltd , _c1952. |
||
| 300 | _a155 ; . | ||
| 365 | _aRs.15/- | ||
| 700 | 1 | _aSolomon, Digby L . | |
| 942 | _cBK | ||
| 999 |
_c12418 _d12418 |
||